000 01248nam a2200301 i 4500
001 47628
003 ES-MaACL
005 20260327151734.0
007 t|
008 030508s1916 sp ||||1| spa d
080 _a929 Cervantes Saavedra, Miguel de
080 _a725.945(460.27 M.)
100 1 _aMartínez y Zapatero, Rafael.
_978486
245 1 0 _aProyecto de monumento a Miguel de Cervantes Saavedra /
_cRafael Martínez y Zapatero, arquitecto ; Lorenzo Coullaut Valera, escultor.
260 _aMadrid :
_b[s.n.],
_c[1916] (
_fRaoul Péant)
300 _a12 p., [4] h. de lám. ;
_c27 cm.
530 _aDisponible en formato digital.
594 _aDatos tomados de cub.
599 _aLám.: fototipias de Hauser y Menet.
600 1 4 _aCervantes Saavedra, Miguel de,
_d1547-1616-
_xMonumentos
_9172577
650 4 _aMonumentos conmemorativos-
_zMadrid (Comunidad Autónoma)
_915187
700 1 _aCoullaut Valera, Lorenzo (
_d1876-1932)
_9172578
710 2 _aHauser y Menet (Madrid)
_94558
852 _aES-MaACL
_j1537-F-10
_9 49425
_cDEPOF
_zRevisado enlace: 27 de Marzo de 2025.
856 4 _uhttp://bdh-rd.bne.es/viewer.vm?id=0000231638&page=1
_yBiblioteca Digital Hispánica
942 _2udc
999 _c47628
_d47628